| 000 | 02055nam2a22002771 4500 | ||
|---|---|---|---|
| 001 | rc\3282817 | ||
| 005 | 20250609173309.0 | ||
| 021 |
_aRU _b69-94188 |
||
| 021 |
_aRU _b69-94187 |
||
| 021 |
_aRU _bРг2932-70 |
||
| 035 | _a(NLR Aleph) 007399016 | ||
| 090 |
_a6692269 _c6692269 |
||
| 100 | _a20130115d1969 |||y0rusy50 ca | ||
| 101 | 0 | _arus | |
| 102 | _aRU | ||
| 105 | _aa z ||||| | ||
| 200 | 1 |
_aС внутренним алюминиевым каркасов (без теплоизоляционных прокладок) _eРабочие чертежи _eАльбом инв. № I-3035 |
|
| 210 |
_d1969 _aБ. м. |
||
| 215 |
_a[1], 16 с. _cчерт. |
||
| 461 | 0 |
_1001rc\3282816 _12001#$aУнифицированные каркасные асбестоцементные панели для стен и покрытий промышленных зданий$eПанели покрытия$eВып. 1-$fМ-во газовой пром-сти. Всесоюз. науч.-исслед. ин-т по строительству магистральных трубопроводов. ВНИИСТ. Эксперим.-конструкторское бюро. ЭКБ. Отд. науч.-техн. информации$vВып. 1 _96692262 _cМосква _d1969- _fМ-во газовой пром-сти. Всесоюз. науч.-исслед. ин-т по строительству магистральных трубопроводов. ВНИИСТ. Эксперим.-конструкторское бюро. ЭКБ. Отд. науч.-техн. информации _nБ. и. _oПанели покрытия : Вып. 1- _tУнифицированные каркасные асбестоцементные панели для стен и покрытий промышленных зданий _vВып. 1 |
|
| 532 | 1 | 3 | _aС внутренним алюминиевым каркасов без теплоизоляционных прокладок |
| 801 | 0 |
_aRU _bNLR _gpsbo |
|
| 801 | 1 |
_aRU _bELAR _2rusmarc |
|
| 852 |
_aNLR _j69-8/2243 |
||
| 942 | _cBOOK | ||
| 980 | _aNB | ||